| 000 | 00408cam a22001457a 4500 | ||
|---|---|---|---|
| 008 | 180718b1999 xxu||||| |||| 00| 0 eng d | ||
| 020 | _a8170997151 | ||
| 082 | _aAA7 R197 | ||
| 100 | _aRavindra Kumar | ||
| 245 |
_aMorality and ethics in public life _cby Ravindra Kumar |
||
| 260 |
_aNew Delhi _bMittal _c1999 |
||
| 300 | _a148p. | ||
| 650 | _aSocial sciences and ethics | ||
| 650 | _aEthics - Societies, etc. | ||
| 999 |
_c388551 _d388551 |
||